Cristología y devoción a Cristo

Saved in:
Bibliografiske detaljer
Hovedforfatter: Scheffczyk, Leo (Author)
Format: Bog
Sprog:spansk
Udgivet: Estella Instituto Internacional del Corazón de Jesús 1982
Udgivelse:1a. ed
Fag:
Tags: Tilføj Tag
Ingen Tags, Vær først til at tagge denne postø!

MARC

LEADER 00000cam a2200000 a 4500
001 UCE7587
003 CL-VaPUC
008 150626e19820000sp |||||||||||||||||spa|d
020 |a 8449957184 
082 0 4 |a 232  |b SCH  |2 21 
100 0 |a Scheffczyk, Leo  |e author  |9 580260 
245 1 0 |a Cristología y devoción a Cristo 
250 |a 1a. ed 
300 |a 233 p 
942 |c BK 
945 |d 20150626 15:30:00  |a gsalatino 
260 |a Estella  |b Instituto Internacional del Corazón de Jesús  |c 1982 
600 0 7 |a CRISTO  |2 CL-VaPUC  |9 580261 
650 0 |a Cristología   |9 315091 
650 0 |a Teología   |9 258766 
583 |a last modification  |c 20150626 15:30:00  |k Rodrigo Vera 
999 |c 359642  |d 359640 
952 |0 0  |1 0  |3 erb  |4 0  |6 232_000000000000000_SCH_1982  |7 0  |8 A  |9 469034  |a BIBTEO  |b BIBTEO  |e Casale Rolle, Carlos Ignacio, -2014  |i 5181844  |o 232 SCH 1982  |p 5181844  |r 2025-01-17  |w 2019-11-23  |y BK  |z Catalogado en:20150626  |k ICR